[Event "XXVI. Rhein-Main-Open, Gruppe A"]
[Site "Bad Homburg vor der Höhe"]
[Date "2024.06.01"]
[Round "5"]
[White "Oezdemir, Ali Oezden"]
[Black "Moldenhauer, Lennart"]
[Result "1-0"]
[WhiteElo "2005"]
[BlackElo "1768"]
[PlyCount "69"]
[EventDate "2024.??.??"]
[WhiteTeam "SK Langen"]
[BlackTeam "SV Oberursel"]

1. e4 g6 2. d4 Bg7 3. Nc3 d6 4. Bg5 a6 5. f4 b5 6. Nf3 Nd7 7. a3 c5 8. d5 c4 9. Bh4 Qc7 10. Be2 Nc5 11. Nd4 Bb7 12. Bf3 Nf6 13. O-O O-O 14. Qd2 Ncxe4 15. Nxe4 Nxd5 16. c3 e5 17. fxe5 dxe5 18. Nc2 Rae8 19. Nb4 Nf4 20. Qd6 Qc8 21. Qc5 Qxc5+ 22. Nxc5 Bxf3 23. Rxf3 f6 24. Nbxa6 g5 25. Bg3 g4 26. Rff1 Nd3 27. Nxd3 cxd3 28. Nc7 Rb8 29. Rad1 Rfd8 30. Ne6 Rd7 31. Nc5 Rd5 32. Nxd3 Rbd8 33. Nf2 Rd2 34. Rxd2 Rxd2 35. Nxg4 1-0

[Event "XXVI. Rhein-Main-Open, Gruppe A"]
[Site "Bad Homburg vor der Höhe"]
[Date "2024.06.01"]
[Round "5"]
[White "Papadopoulos, Ioannis"]
[Black "Marschner, Thomas"]
[Result "1-0"]
[WhiteElo "2198"]
[BlackElo "1965"]
[PlyCount "85"]
[EventDate "2024.??.??"]
[WhiteTeam "SV Oberursel"]
[BlackTeam "SVG Eppstein 1932"]

1. e4 c5 2. Nf3 Nc6 3. d4 cxd4 4. Nxd4 e5 5. Nb5 d6 6. N1c3 a6 7. Na3 Be6 8. Nc4 Rb8 9. Nd5 Bxd5 10. exd5 Nce7 11. Bg5 b5 12. Ne3 Qa5+ 13. c3 Nf6 14. Bxf6 gxf6 15. Bd3 b4 16. c4 Bh6 17. O-O Qb6 18. Ng4 Bg7 19. Qf3 f5 20. Bxf5 Nxf5 21. Qxf5 Qd4 22. Nf6+ Ke7 23. Ne4 h6 24. Rad1 Qa7 25. c5 dxc5 26. d6+ Kd8 27. d7 Rf8 28. Qh7 Bh8 29. Qxh6 Rg8 30. Qh7 Rf8 31. Ng5 Ke7 32. Qf5 Qb6 33. Ne4 Rbd8 34. Qg5+ Bf6 35. Nxf6 Qxf6 36. Qe3 Qf5 37. Qxc5+ Kf6 38. Rfe1 Rh8 39. Re3 Rxd7 40. Qc6+ Ke7 41. Rxd7+ Qxd7 42. Rxe5+ Kd8 43. Rd5 1-0

[Event "XXVI. Rhein-Main-Open, Gruppe A"]
[Site "Bad Homburg vor der Höhe"]
[Date "2024.06.01"]
[Round "5"]
[White "Ploder, Udo"]
[Black "Scheerer, Amelie"]
[Result "1/2-1/2"]
[WhiteElo "1936"]
[BlackElo "1734"]
[PlyCount "43"]
[EventDate "2024.??.??"]
[WhiteTeam "SF Braunfels"]
[BlackTeam "SV 1934 Ffm-Griesheim"]

1. d4 d5 2. Nc3 Nf6 3. Bf4 Bf5 4. f3 e6 5. g4 Bg6 6. h4 h6 7. e3 Bd6 8. Nh3 Nbd7 9. Bd3 Qe7 10. Bxg6 fxg6 11. Qd3 Nf8 12. O-O-O O-O-O 13. Nb5 Bxf4 14. Nxf4 c6 15. Nc3 e5 16. Nxg6 Nxg6 17. Qxg6 exd4 18. Qf5+ Nd7 19. exd4 Qe3+ 20. Kb1 Rdf8 21. Rd3 Qf2 22. Qg6 1/2-1/2

[Event "XXVI. Rhein-Main-Open, Gruppe A"]
[Site "Bad Homburg vor der Höhe"]
[Date "2024.06.01"]
[Round "5"]
[White "Poetsch, Hagen"]
[Black "Dubiel, Jacek"]
[Result "1-0"]
[WhiteElo "2462"]
[BlackElo "2367"]
[PlyCount "75"]
[EventDate "2024.??.??"]
[WhiteTeam "SC Heusenstamm"]
[BlackTeam "SV Oberursel"]

1. e4 e5 2. Nf3 Nc6 3. Bb5 a6 4. Ba4 Nf6 5. O-O Nxe4 6. Re1 Nc5 7. Bxc6 dxc6 8. Nxe5 Be7 9. d4 Ne6 10. Be3 O-O 11. c4 f6 12. Nf3 Ng5 13. Nxg5 fxg5 14. Nc3 Bb4 15. Qb3 Bxc3 16. bxc3 Kh8 17. d5 cxd5 18. Rad1 Rf5 19. Rxd5 Rxd5 20. cxd5 b5 21. Bxg5 Qg8 22. Re7 Bb7 23. d6 Bd5 24. c4 Bxc4 25. Qb2 cxd6 26. Rxg7 Qxg7 27. Bf6 Ra7 28. Qd4 Bxa2 29. Qxd6 Bg8 30. h4 h5 31. Bxg7+ Rxg7 32. Qh6+ Rh7 33. Qxa6 b4 34. Qb5 b3 35. Qe5+ Rg7 36. Qxh5+ Rh7 37. Qe5+ Rg7 38. g4 1-0

[Event "XXVI. Rhein-Main-Open, Gruppe A"]
[Site "Bad Homburg vor der Höhe"]
[Date "2024.06.01"]
[Round "5"]
[White "Schmidt, Markus"]
[Black "Henrich, Thomas"]
[Result "1/2-1/2"]
[WhiteElo "2137"]
[BlackElo "2087"]
[PlyCount "91"]
[EventDate "2024.??.??"]
[WhiteTeam "SK Niederbrechen 1948"]
[BlackTeam "SK Marburg 1931/72"]

1. e4 e6 2. d4 d5 3. e5 c5 4. c3 Ne7 5. Na3 Nec6 6. Nc2 b6 7. h4 Qc7 8. Bd3 Ba6 9. Bxa6 Nxa6 10. Qe2 Qb7 11. a3 Nc7 12. Nf3 Qa6 13. Qxa6 Nxa6 14. h5 h6 15. Be3 Na5 16. Nd2 Rc8 17. f4 cxd4 18. Bxd4 Nc6 19. O-O-O Bc5 20. Nf3 Ke7 21. g4 Bxd4 22. Nfxd4 Nc5 23. Nxc6+ Rxc6 24. Nd4 Rcc8 25. Kd2 a6 26. Ke3 f6 27. Nf3 Nd7 28. Nh4 Rhe8 29. Ng6+ Kf7 30. Rhf1 Rc4 31. Rd4 Rxd4 32. Kxd4 Rc8 33. b3 Nc5 34. Rb1 b5 35. c4 dxc4 36. bxc4 Na4 37. cxb5 Nc3 38. Rb3 Nxb5+ 39. Kd3 Rd8+ 40. Ke3 Rc8 41. a4 Rc3+ 42. Rxc3 Nxc3 43. a5 Nb5 44. f5 Na7 45. Nf4 fxe5 46. Nxe6 1/2-1/2

[Event "XXVI. Rhein-Main-Open, Gruppe A"]
[Site "Bad Homburg vor der Höhe"]
[Date "2024.06.01"]
[Round "5"]
[White "Schmitt, Carsten"]
[Black "Schulze, Manfred"]
[Result "0-1"]
[WhiteElo "1947"]
[BlackElo "1887"]
[PlyCount "74"]
[EventDate "2024.??.??"]
[WhiteTeam "SV Bergwinkel"]
[BlackTeam "SC Steinbach"]

1. c4 f5 2. g3 g6 3. Bg2 Bg7 4. Nc3 Nf6 5. d3 d6 6. e3 e5 7. Nge2 O-O 8. O-O c6 9. f4 Re8 10. Qd2 Nbd7 11. b3 exf4 12. exf4 Ng4 13. Rf3 Nc5 14. Bf1 Qb6 15. Kg2 Ne6 16. Na4 Qd8 17. Bb2 Nf6 18. Rd1 c5 19. h3 b5 20. Bxf6 Bxf6 21. Nac3 Bb7 22. Nd5 Nd4 23. Re3 b4 24. Rxe8+ Qxe8 25. Nxd4 Bxd4 26. Re1 Qf7 27. Qe2 Bc3 28. Rd1 a5 29. Kh2 Bxd5 30. cxd5 Re8 31. Qf3 Re7 32. g4 Qe8 33. gxf5 gxf5 34. Qg2+ Kh8 35. d4 Bxd4 36. Qg5 Rg7 37. Qxf5 Qe3 0-1

[Event "XXVI. Rhein-Main-Open, Gruppe A"]
[Site "Bad Homburg vor der Höhe"]
[Date "2024.06.01"]
[Round "5"]
[White "Schmitt, Clemens"]
[Black "Kopf, Rainer"]
[Result "1/2-1/2"]
[WhiteElo "1884"]
[BlackElo "1903"]
[PlyCount "104"]
[EventDate "2024.??.??"]
[WhiteTeam "SV Bergwinkel"]
[BlackTeam "SC Bellheim"]

1. c4 e6 2. Nc3 d5 3. e3 Nf6 4. Nf3 Bd6 5. b3 O-O 6. Bb2 Nbd7 7. d4 c6 8. Bd3 Qe7 9. O-O dxc4 10. Bxc4 e5 11. dxe5 Nxe5 12. Be2 Rd8 13. Qc2 Bg4 14. Nxe5 Qxe5 15. g3 Qh5 16. Rfd1 Be5 17. Rxd8+ Rxd8 18. Bf1 Bf3 19. Bg2 Bxg2 20. Kxg2 h6 21. h3 Nh7 22. f4 Bf6 23. e4 Qa5 24. e5 Be7 25. Rd1 Nf8 26. a4 Ne6 27. Ne4 Rxd1 28. Qxd1 Qb4 29. Kf3 Bf8 30. h4 Be7 31. Bc3 Qa3 32. Qc2 Nc5 33. Nxc5 Qxc5 34. Qd2 h5 35. Qd4 Qa3 36. Qc4 Qc5 37. Qxc5 Bxc5 38. f5 Kf8 39. e6 fxe6 40. fxe6 Ke7 41. Bxg7 Kxe6 42. g4 hxg4+ 43. Kxg4 Kf7 44. Bc3 b5 45. axb5 cxb5 46. b4 Bf8 47. Kf5 a6 48. h5 Bh6 49. Be1 Bc1 50. Ke5 Kg7 51. Kd5 Kh6 52. Kc6 Ba3 1/2-1/2

[Event "XXVI. Rhein-Main-Open, Gruppe A"]
[Site "Bad Homburg vor der Höhe"]
[Date "2024.06.01"]
[Round "5"]
[White "Schultze, Joerg Martin"]
[Black "Schmid, Roland"]
[Result "0-1"]
[WhiteElo "1936"]
[BlackElo "2197"]
[PlyCount "64"]
[EventDate "2024.??.??"]
[WhiteTeam "SF Braunfels"]
[BlackTeam "SG Post/Süd Regensburg"]

1. d4 Nf6 2. c4 e6 3. Nc3 Bb4 4. f3 c5 5. d5 d6 6. Bg5 h6 7. Bh4 b5 8. e4 exd5 9. exd5 O-O 10. Bd3 bxc4 11. Bxc4 Nbd7 12. Nge2 Nb6 13. b3 Qe7 14. Qd3 Bf5 15. Bxf6 Qxf6 16. Qd2 Nxc4 17. bxc4 Qh4+ 18. g3 Qxc4 19. Kf2 Rfe8 20. Rac1 Bd3 21. Rhe1 Re7 22. Nf4 Qd4+ 23. Re3 Rae8 24. Ne6 fxe6 25. Qxd3 Bxc3 26. Qxc3 Qxc3 27. Rexc3 exd5 28. Ra3 Re2+ 29. Kg1 d4 30. Ra6 d3 31. Rxd6 d2 32. Rf1 c4 0-1

[Event "XXVI. Rhein-Main-Open, Gruppe A"]
[Site "Bad Homburg vor der Höhe"]
[Date "2024.06.01"]
[Round "5"]
[White "Schulze, Fabian"]
[Black "Wanie, Karsten"]
[Result "0-1"]
[WhiteElo "1790"]
[BlackElo "2023"]
[PlyCount "54"]
[EventDate "2024.??.??"]
[WhiteTeam "SC Steinbach"]
[BlackTeam "SC Matt im Park Ffm"]

1. d4 d5 2. c3 e6 3. Nf3 Bd6 4. g3 c5 5. a4 Nc6 6. Bf4 Bxf4 7. gxf4 cxd4 8. cxd4 Qb6 9. Qd2 Nf6 10. a5 Qb4 11. Qxb4 Nxb4 12. Ra4 Nc2+ 13. Kd1 Bd7 14. Ra2 Nb4 15. Ra3 Ne4 16. Rg1 Nxf2+ 17. Kc1 Rc8+ 18. Nc3 g6 19. Nd2 Ke7 20. Kb1 Rc7 21. Rg2 Ne4 22. Ndxe4 dxe4 23. Rb3 Nc6 24. e3 Nxa5 25. Ra3 b6 26. Nxe4 Bc6 27. Bd3 f5 0-1

[Event "XXVI. Rhein-Main-Open, Gruppe A"]
[Site "Bad Homburg vor der Höhe"]
[Date "2024.06.01"]
[Round "5"]
[White "Soppa, Christoph"]
[Black "Mueller, Christian"]
[Result "1/2-1/2"]
[WhiteElo "1949"]
[BlackElo "2197"]
[PlyCount "71"]
[EventDate "2024.??.??"]
[WhiteTeam "SSG Hungen-Lich"]
[BlackTeam "SC Windischeschenbach"]

1. d4 d5 2. c4 e6 3. Nf3 Nf6 4. g3 dxc4 5. Qa4+ Nbd7 6. Bg2 a6 7. Qxc4 c5 8. O-O b5 9. Qc2 Bb7 10. Bg5 Rc8 11. dxc5 Bxc5 12. Qd1 Qb6 13. Bxf6 Nxf6 14. Nc3 O-O 15. e3 Bb4 16. Rc1 Bxc3 17. Rxc3 Rxc3 18. bxc3 Qa5 19. Qa1 Rc8 20. Rc1 Bd5 21. Nd4 Bxg2 22. Kxg2 Rc4 23. Qb2 Qc7 24. Ne2 h6 25. f3 Nd5 26. Kf2 Nb6 27. Qd2 Rc5 28. Rd1 Rd5 29. Qc1 Qd7 30. Rxd5 Qxd5 31. Qc2 Nc4 32. Nf4 Qd6 33. Qd3 Qe7 34. Ne2 Qg5 35. Qe4 Qd8 36. a4 1/2-1/2

[Event "XXVI. Rhein-Main-Open, Gruppe A"]
[Site "Bad Homburg vor der Höhe"]
[Date "2024.06.01"]
[Round "5"]
[White "Steigleder, Maximilian"]
[Black "Pichl, Christoph"]
[Result "1/2-1/2"]
[WhiteElo "1718"]
[BlackElo "1837"]
[PlyCount "111"]
[EventDate "2024.??.??"]
[WhiteTeam "Sfr.1932 Kelkheim"]
[BlackTeam "SK Bad Homburg 1927"]

1. e4 e6 2. Nf3 d5 3. Nc3 dxe4 4. Nxe4 Nf6 5. Nxf6+ Qxf6 6. d4 h6 7. Bd3 Bd6 8. O-O O-O 9. Bd2 Nc6 10. Bc3 Nb4 11. Bxb4 Bxb4 12. c3 Bd6 13. Re1 Rd8 14. Nd2 Bf8 15. Re3 Bd7 16. Qg4 Bc6 17. Rh3 g6 18. Re1 Bg7 19. Ne4 Bxe4 20. Bxe4 Qe7 21. Bxg6 fxg6 22. Rxe6 Qf7 23. Rxg6 Rd6 24. Rhxh6 Rxg6 25. Qxg6 Qxg6 26. Rxg6 Re8 27. Kf1 Kf7 28. Rg3 Bh6 29. f4 Re4 30. Rf3 Rxf4 31. Ke2 Rxf3 32. Kxf3 Bc1 33. c4 Bxb2 34. Ke4 Kf6 35. a4 Ba3 36. Kd5 Bd6 37. h3 b6 38. Kc6 Ke7 39. Kb5 Bg3 40. Kc6 Kd8 41. Kd5 Kd7 42. Ke4 Ke6 43. Kf3 Bd6 44. Kg4 Kf6 45. Kh5 Bg3 46. Kg4 Bf2 47. d5 Bc5 48. Kh5 Be3 49. g4 Bf2 50. g5+ Kg7 51. Kg4 Be3 52. h4 Bd4 53. Kf5 Kh7 54. h5 Bc3 55. Ke6 Bg7 56. Kf5 1/2-1/2

[Event "XXVI. Rhein-Main-Open, Gruppe A"]
[Site "Bad Homburg vor der Höhe"]
[Date "2024.06.01"]
[Round "5"]
[White "Streit, Juergen"]
[Black "Gaertner, Johannes"]
[Result "1/2-1/2"]
[WhiteElo "1884"]
[BlackElo "1853"]
[PlyCount "86"]
[EventDate "2024.??.??"]
[WhiteTeam "Schachzirk. Elstertal Langenberg"]
[BlackTeam "Sfr.Mainz 1928"]

1. e4 e6 2. Qe2 c5 3. Nf3 Nc6 4. g3 g6 5. Bg2 Bg7 6. O-O Nge7 7. c3 d6 8. Rd1 e5 9. d3 O-O 10. Be3 f5 11. Qd2 Rb8 12. a4 b6 13. Bh6 Rb7 14. Bxg7 Kxg7 15. Na3 h6 16. h3 Rd7 17. Nc4 Ba6 18. Ne3 f4 19. Nd5 Nxd5 20. exd5 Ne7 21. c4 fxg3 22. fxg3 Nf5 23. Kh2 Rdf7 24. Rf1 Bc8 25. b3 Nd4 26. Nxd4 exd4 27. Rxf7+ Rxf7 28. Rf1 Rxf1 29. Bxf1 Qe7 30. Qe2 Qxe2+ 31. Bxe2 Kf6 32. g4 Kg5 33. Kg3 h5 34. h4+ Kh6 35. g5+ Kg7 36. Kf4 Kf7 37. Kg3 Ke7 38. Kf4 Bd7 39. Bf3 a6 40. Be2 b5 41. axb5 axb5 42. Bf3 bxc4 43. bxc4 Kf7 1/2-1/2

[Event "XXVI. Rhein-Main-Open, Gruppe A"]
[Site "Bad Homburg vor der Höhe"]
[Date "2024.06.01"]
[Round "5"]
[White "Thomas, Tobias"]
[Black "Mandalka, Justus"]
[Result "1-0"]
[WhiteElo "1967"]
[BlackElo "1837"]
[PlyCount "127"]
[EventDate "2024.??.??"]
[WhiteTeam "SK Langen"]
[BlackTeam "SK Bad Homburg 1927"]

1. c4 c5 2. g3 g6 3. Bg2 Bg7 4. Nc3 Nc6 5. e3 e6 6. Nge2 Nge7 7. O-O O-O 8. d4 cxd4 9. exd4 d5 10. cxd5 Nxd5 11. Nxd5 exd5 12. Be3 Bg4 13. Re1 Re8 14. h3 Bxe2 15. Rxe2 Qd7 16. Rd2 h6 17. Rc1 Ne7 18. Qb3 Rad8 19. Kh2 b6 20. h4 Nc6 21. Qa4 Na5 22. Qxd7 Rxd7 23. b3 f5 24. Rdc2 Nb7 25. Rc7 Ree7 26. Bxd5+ Kh7 27. Rxd7 Rxd7 28. Bxb7 Rxb7 29. Kg2 f4 30. gxf4 h5 31. Rc6 Rd7 32. Kf3 Bxd4 33. Bxd4 Rxd4 34. Rc7+ Kh6 35. Rxa7 Rb4 36. Rb7 Rb5 37. Kg3 Rb4 38. Rc7 Rb5 39. Kf3 Rb4 40. Ke3 Rb5 41. Kd4 Rf5 42. Ke4 Rb5 43. Rb7 Rb4+ 44. Ke5 Rb5+ 45. Ke6 Rb4 46. Ke5 Rb5+ 47. Ke4 Rb4+ 48. Ke3 Rb5 49. Rd7 Rb4 50. Rd4 Rb5 51. b4 Kg7 52. a4 Rf5 53. Rd6 b5 54. a5 Kh6 55. a6 Rf7 56. Rb6 Ra7 57. f5 Kh7 58. fxg6+ Kh6 59. f4 Ra8 60. f5 Rc8 61. a7 Rc3+ 62. Kd4 Ra3 63. Rb7 Rxa7 64. Rh7+ 1-0

[Event "XXVI. Rhein-Main-Open, Gruppe A"]
[Site "Bad Homburg vor der Höhe"]
[Date "2024.06.01"]
[Round "5"]
[White "Uneken, Bert"]
[Black "Loef, Dirk"]
[Result "0-1"]
[WhiteElo "1837"]
[BlackElo "2060"]
[PlyCount "40"]
[EventDate "2024.??.??"]
[BlackTeam "Sfr.Heidesheim"]

1. d4 Nf6 2. c4 e6 3. Nf3 c5 4. e3 d5 5. cxd5 exd5 6. dxc5 Bxc5 7. Bd2 O-O 8. Qc2 Qe7 9. Bd3 Nc6 10. O-O Bg4 11. Bc3 Bxf3 12. Bxf6 Qxf6 13. Qxc5 Qg5 14. g3 Ne5 15. Qd4 Qh5 16. h4 Nxd3 17. Qxd3 Qg4 18. Nd2 Be2 19. Qb3 Bxf1 20. Nxf1 Qc4 0-1

[Event "XXVI. Rhein-Main-Open, Gruppe A"]
[Site "Bad Homburg vor der Höhe"]
[Date "2024.06.01"]
[Round "5"]
[White "Varma, Christopher"]
[Black "Sassmannshausen, Mark"]
[Result "1/2-1/2"]
[WhiteElo "1936"]
[BlackElo "1939"]
[PlyCount "82"]
[EventDate "2024.??.??"]
[WhiteTeam "SV Oberursel"]
[BlackTeam "SV Oberursel"]

1. e4 e5 2. Nf3 Nc6 3. Nc3 Nf6 4. a3 d5 5. Bb5 Nxe4 6. Qe2 Nxc3 7. Qxe5+ Qe7 8. dxc3 Bd7 9. Qxe7+ Bxe7 10. Bf4 O-O-O 11. O-O-O a6 12. Ba4 b5 13. Bb3 Be6 14. Nd4 Kb7 15. Rhe1 Bd6 16. Bxd6 Rxd6 17. Nxc6 Kxc6 18. a4 Kd7 19. Re5 c6 20. h4 Re8 21. Rde1 f6 22. R5e3 Bf7 23. Rxe8 Bxe8 24. Kd2 Bg6 25. axb5 axb5 26. Ra1 Ke7 27. Ra5 Be8 28. Ra7+ Bd7 29. Ke3 Re6+ 30. Kd2 f5 31. Ba2 f4 32. b3 Rg6 33. c4 Rxg2 34. Ke2 Rg4 35. cxd5 Kd6 36. dxc6 Bxc6 37. h5 f3+ 38. Kd3 Rg5 39. h6 gxh6 40. Rxh7 h5 41. Rh6+ Kc7 1/2-1/2

[Event "XXVI. Rhein-Main-Open, Gruppe A"]
[Site "Bad Homburg vor der Höhe"]
[Date "2024.06.01"]
[Round "5"]
[White "von Auer, Ulrich"]
[Black "Rabiya, Karim"]
[Result "0-1"]
[WhiteElo "1981"]
[BlackElo "1814"]
[PlyCount "84"]
[EventDate "2024.??.??"]
[WhiteTeam "SV Oberursel"]
[BlackTeam "SK Niederbrechen 1948"]

1. Nf3 d6 2. d4 f5 3. g3 Nf6 4. Bg2 g6 5. c4 Bg7 6. Nc3 O-O 7. O-O c6 8. b3 a5 9. Bb2 Qc7 10. d5 e5 11. dxe6 Bxe6 12. Ng5 Bc8 13. Qd2 Na6 14. Rad1 Rd8 15. Nh3 Nc5 16. f3 a4 17. b4 a3 18. Bc1 Na4 19. Nb1 Qb6+ 20. c5 Nxc5 21. bxc5 Qxb1 22. Bxa3 Qb5 23. Qc1 Be6 24. Rxd6 Bxa2 25. Rfd1 Nd5 26. Rxd8+ Rxd8 27. e4 Bb3 28. exd5 Bxd1 29. Qxd1 Rxd5 30. Qe1 Bd4+ 31. Kh1 Re5 32. Qd1 Qc4 33. Bf1 Qc3 34. Kg2 Kh8 35. Qc1 Qxc1 36. Bxc1 Rxc5 37. Bg5 Rc2+ 38. Kh1 b5 39. Nf4 b4 40. Bd3 Rc3 41. Kg2 c5 42. Kf1 b3 0-1

[Event "XXVI. Rhein-Main-Open, Gruppe A"]
[Site "Bad Homburg vor der Höhe"]
[Date "2024.06.01"]
[Round "5"]
[White "von Wahden, Jens"]
[Black "Giel, Olaf"]
[Result "1-0"]
[WhiteElo "1930"]
[BlackElo "2083"]
[PlyCount "25"]
[EventDate "2024.??.??"]
[WhiteTeam "SV Oberursel"]
[BlackTeam "SF Bremer Osten Bgh. Mahndorf"]

1. d4 Nf6 2. c4 b6 3. Nc3 e6 4. Nf3 Ba6 5. e4 Bb4 6. Bd3 c5 7. e5 Ng8 8. d5 Ne7 9. O-O Bxc3 10. bxc3 Ng6 11. Re1 Bb7 12. Ng5 f6 13. Qh5 1-0

[Event "XXVI. Rhein-Main-Open, Gruppe A"]
[Site "Bad Homburg vor der Höhe"]
[Date "2024.06.01"]
[Round "5"]
[White "Zimmer, Gerald"]
[Black "Boersch, Dieter"]
[Result "1-0"]
[WhiteElo "1944"]
[BlackElo "1764"]
[PlyCount "55"]
[EventDate "2024.??.??"]
[WhiteTeam "SC Bergen-Enkheim 1922"]
[BlackTeam "SK Bad Homburg 1927"]

1. d4 Nf6 2. c4 e6 3. g3 c5 4. Nf3 cxd4 5. Nxd4 d5 6. Bg2 Bb4+ 7. Bd2 Bxd2+ 8. Qxd2 O-O 9. cxd5 Nxd5 10. O-O Nf6 11. Rd1 Qe7 12. Nc3 e5 13. Ndb5 Nc6 14. Qd6 Qxd6 15. Nxd6 Rb8 16. Rac1 Bd7 17. Nd5 Nxd5 18. Bxd5 Nd4 19. Rc7 Be6 20. Bxe6 Nxe6 21. Re7 Rfd8 22. Rd5 g6 23. e4 Nd4 24. Nxb7 Kf8 25. Nxd8 Kxe7 26. Rxd4 Rxb2 27. Nc6+ Ke6 28. Ra4 1-0

[Event "XXVI. Rhein-Main-Open, Gruppe A"]
[Site "Bad Homburg vor der Höhe"]
[Date "2024.06.01"]
[Round "5"]
[White "Ziska, Stephan"]
[Black "Henn, Jakob"]
[Result "1/2-1/2"]
[WhiteElo "1889"]
[BlackElo "1760"]
[Annotator "thoma"]
[PlyCount "58"]
[EventDate "2024.??.??"]
[WhiteTeam "SF Bürstadt"]
[BlackTeam "SC Bad Nauheim"]

{[%evp 0,49,30,18,76,49,29,44,44,44,22,13,72,-5,-5,-6,7,15,32,5,1,-41,24,4,11,-11,3,8,-7,-20,-26,-53,-52,-46,-30,-44,-38,-80,-47,-62,13,0,0,0,60,55,0,0,0,0,0,0]} 1. e4 e6 2. d4 d5 3. Nd2 c5 4. Ngf3 cxd4 5. Nxd4 Nf6 6. e5 Nfd7 7. N2f3 Nc6 8. Bf4 Qc7 9. Nxc6 bxc6 10. Bd3 Nc5 11. O-O Nxd3 12. Qxd3 Be7 13. Rfe1 h6 14. c3 O-O 15. Qd2 Rb8 16. Rad1 Qb7 17. b4 c5 18. a3 a5 19. bxc5 Bxc5 20. Bxh6 gxh6 21. Qxh6 f6 22. exf6 Qh7 23. Qg5+ Kh8 24. f7 Rb7 25. Ne5 Rfxf7 26. Ng6+ Kg7 27. Ne5+ Kh8 28. Ng6+ Kg7 29. Ne5+ Kh8 1/2-1/2

[Event "XXVI. Rhein-Main-Open, Gruppe A"]
[Site "Bad Homburg vor der Höhe"]
[Date "2024.06.01"]
[Round "6"]
[White "Baranyai Molnar, Adam Kristof"]
[Black "Hagner, Bennet"]
[Result "1/2-1/2"]
[WhiteElo "2056"]
[BlackElo "2314"]
[PlyCount "123"]
[EventDate "2024.??.??"]
[WhiteTeam "SF Neuberg"]
[BlackTeam "OSG Baden-Baden"]

1. e4 c5 2. Nf3 e6 3. d4 cxd4 4. Nxd4 Nf6 5. Nc3 Nc6 6. Nxc6 bxc6 7. e5 Nd5 8. Ne4 Qc7 9. f4 Qb6 10. c4 Bb4+ 11. Ke2 f5 12. Nf2 Qa6 13. Kf3 Nc7 14. Be3 Be7 15. c5 Qb7 16. Bd4 a5 17. Bc4 Qa7 18. Nd3 Ba6 19. b3 h6 20. Qd2 g5 21. g3 Kf7 22. h4 gxh4 23. gxh4 Rhg8 24. Rag1 h5 25. Rxg8 Rxg8 26. Qxa5 Qb7 27. Qb6 Qa8 28. Bxa6 Nxa6 29. Qa5 Rg4 30. Bf2 Qc8 31. Qe1 Nc7 32. Nb4 Qg8 33. Rh2 Rxf4+ 34. Kxf4 Qg4+ 35. Ke3 Qe4+ 36. Kd2 Qf4+ 37. Qe3 Qxh2 38. Qf3 Kg6 39. Qg3+ Qxg3 40. Bxg3 f4 41. Bxf4 Kf5 42. Nd3 Bxh4 43. Ke3 Kg4 44. a4 Bg3 45. Bxg3 Kxg3 46. Nf4 h4 47. Nh5+ Kh2 48. Kf3 h3 49. Nf4 Na6 50. a5 Nxc5 51. Kg4 Na6 52. Nxh3 Kg2 53. Ng5 Kf2 54. Ne4+ Ke3 55. Nf6 Nb8 56. Kg5 Kd4 57. a6 Nxa6 58. Nxd7 c5 59. Kf6 Nc7 60. Nf8 Kc3 61. Nxe6 Nxe6 62. Kxe6 1/2-1/2

[Event "XXVI. Rhein-Main-Open, Gruppe A"]
[Site "Bad Homburg vor der Höhe"]
[Date "2024.06.01"]
[Round "6"]
[White "Boersch, Dieter"]
[Black "Ziska, Stephan"]
[Result "0-1"]
[WhiteElo "1764"]
[BlackElo "1889"]
[PlyCount "92"]
[EventDate "2024.??.??"]
[WhiteTeam "SK Bad Homburg 1927"]
[BlackTeam "SF Bürstadt"]

1. d4 d5 2. c4 c6 3. Nc3 Nf6 4. Nf3 Bf5 5. Bg5 e6 6. Nh4 Bg6 7. Nxg6 hxg6 8. e3 Nbd7 9. cxd5 exd5 10. Bd3 Qc7 11. g3 Bd6 12. Qf3 O-O-O 13. Kf1 Rh5 14. h4 Kb8 15. Rc1 Qb6 16. Rc2 Re8 17. Kg2 a6 18. Rhc1 Re6 19. Ne2 Rh8 20. Rc3 Ka7 21. Rb3 Qa5 22. Ra3 Bxa3 23. bxa3 Qd2 24. e4 dxe4 25. Bxe4 Qa5 26. Bd3 Qd5 27. Bc4 Qxf3+ 28. Kxf3 Re7 29. Nf4 Nb6 30. Bb3 Rd7 31. Nd3 Rxd4 32. Ne5 Nfd5 33. Be3 Nxe3 34. Kxe3 Rd6 35. Bxf7 Nd5+ 36. Bxd5 Rxd5 37. f4 Re8 38. Rc2 Re6 39. Kf3 Rd1 40. Rb2 Rc1 41. Rd2 c5 42. Rd7 c4 43. Rxg7 c3 44. Nd3 Rf1+ 45. Kg2 Rd1 46. Nb4 a5 0-1

[Event "XXVI. Rhein-Main-Open, Gruppe A"]
[Site "Bad Homburg vor der Höhe"]
[Date "2024.06.01"]
[Round "6"]
[White "Calvi, Stefan"]
[Black "Soppa, Christoph"]
[Result "1-0"]
[WhiteElo "1971"]
[BlackElo "1949"]
[PlyCount "73"]
[EventDate "2024.??.??"]
[WhiteTeam "SV Oberursel"]
[BlackTeam "SSG Hungen-Lich"]

1. e4 e6 2. d3 d5 3. Qe2 Be7 4. Nf3 Nf6 5. g3 O-O 6. e5 Nfd7 7. Bg2 c5 8. O-O Nc6 9. h4 Qc7 10. Bf4 b5 11. Nbd2 a5 12. h5 h6 13. Rfe1 Ba6 14. Nf1 b4 15. Ne3 Nb6 16. Ng4 Kh7 17. Qd2 Rh8 18. Nfh2 Kg8 19. Nf6+ gxf6 20. exf6 Bd6 21. Bxh6 Rxh6 22. Qxh6 Bf8 23. Qg5+ Kh7 24. Ng4 Nd4 25. Rac1 Bb7 26. c3 Nf5 27. Rc2 Nd7 28. Rce2 Nh6 29. Rxe6 fxe6 30. Qg6+ Kh8 31. Nxh6 Nxf6 32. Nf7+ Qxf7 33. Qxf7 Bg7 34. Qxb7 Re8 35. Qc6 bxc3 36. bxc3 Rf8 37. Rxe6 1-0

[Event "XXVI. Rhein-Main-Open, Gruppe A"]
[Site "Bad Homburg vor der Höhe"]
[Date "2024.06.01"]
[Round "6"]
[White "Carow, Johannes"]
[Black "Nothnagel, Marian Can"]
[Result "1-0"]
[WhiteElo "2455"]
[BlackElo "2393"]
[PlyCount "95"]
[EventDate "2024.??.??"]
[WhiteTeam "Sfr.Heidesheim"]
[BlackTeam "SK Bickenbach"]

1. d4 Nf6 2. Nf3 g6 3. Bf4 Bg7 4. e3 O-O 5. Be2 d6 6. h3 b6 7. O-O Bb7 8. a4 a5 9. Nbd2 Nbd7 10. Bh2 Re8 11. c3 e5 12. dxe5 dxe5 13. Nc4 Ne4 14. Qc2 Qe7 15. Rfd1 Rad8 16. Na3 Ng5 17. Nd2 h5 18. Nb5 Nc5 19. Kf1 Nxh3 20. b4 Ne6 21. gxh3 Qh4 22. f3 Qxh3+ 23. Kg1 Ng5 24. e4 Bh6 25. Nxc7 Re7 26. Nd5 Bxd5 27. exd5 Rxd5 28. Ne4 Rxd1+ 29. Bxd1 Nxf3+ 30. Bxf3 Qxf3 31. Qg2 Qxg2+ 32. Kxg2 f5 33. Nf6+ Kf7 34. Nd5 Re6 35. Re1 Bg7 36. b5 g5 37. c4 f4 38. c5 bxc5 39. b6 Re8 40. b7 Rb8 41. Rb1 Bf8 42. Nc7 Bd6 43. Na6 Rd8 44. Bg1 e4 45. Rd1 f3+ 46. Kf1 Ke6 47. Bxc5 e3 48. Rxd6+ 1-0

[Event "XXVI. Rhein-Main-Open, Gruppe A"]
[Site "Bad Homburg vor der Höhe"]
[Date "2024.06.01"]
[Round "6"]
[White "Diedrichs, Ralf Christian"]
[Black "Akhmatovski, Maxim"]
[Result "0-1"]
[WhiteElo "1932"]
[BlackElo "2101"]
[PlyCount "152"]
[EventDate "2024.??.??"]
[WhiteTeam "SG Holzminden"]
[BlackTeam "SV Oberursel"]

1. e4 c5 2. c3 Nf6 3. e5 Nd5 4. d4 cxd4 5. Nf3 e6 6. cxd4 b6 7. Nc3 Nxc3 8. bxc3 Qc7 9. Bd2 Bb7 10. Bd3 d6 11. O-O Nd7 12. exd6 Bxd6 13. Re1 O-O 14. h4 Bf4 15. Ne5 Bxd2 16. Qxd2 Rac8 17. Rac1 Nf6 18. Re3 h6 19. Bb1 Kh8 20. Qd3 g6 21. Rg3 Rg8 22. Qe3 Rg7 23. Qxh6+ Rh7 24. Qg5 Ne4 25. Bxe4 Bxe4 26. Qf6+ Kg8 27. Qg5 Qd8 28. Qxd8+ Rxd8 29. Re3 Rxh4 30. f3 Bb7 31. Kf2 Rc8 32. Rb1 Ba6 33. Rb3 Rc7 34. Ra3 Bc8 35. Re1 Kg7 36. Rb1 Rh8 37. Rb4 f6 38. Rc4 Rb7 39. Nd3 Bd7 40. Rb4 Rc7 41. Nf4 g5 42. Ne2 Kf7 43. Rb1 Ke7 44. Rab3 Ba4 45. R3b2 Be8 46. Ra1 Rc4 47. a3 Ra4 48. Rb4 Kd6 49. Rxa4 Bxa4 50. Rb1 Bc2 51. Rb2 Bd3 52. Ke3 Bc4 53. Nc1 Rh1 54. Nb3 Kd5 55. Nd2 f5 56. Nxc4 Kxc4 57. Kd2 Rh2 58. Rb4+ Kd5 59. Kd3 Rxg2 60. c4+ Kd6 61. Ra4 a5 62. c5+ Kc6 63. cxb6 Kxb6 64. Rc4 Ra2 65. a4 Rb2 66. Rc5 Rb3+ 67. Ke2 Rb4 68. Kd3 Rxa4 69. Re5 Ra3+ 70. Ke2 g4 71. Rxe6+ Kb5 72. Re5+ Kc4 73. f4 Kxd4 74. Rxf5 Ke4 75. Rf8 Ra2+ 76. Ke1 g3 0-1